[Event "Challenge"]
[Site "http://www.queenalice.com/game.php?id=95492"]
[Date "2006.8.13"]
[Round "-"]
[White "Schrittschwitzer"]
[Black "ian"]
[Result "1-0"]
[WhiteElo "1695"]
[BlackElo "1382"]

1. e4 e5 2. d4 exd4 3. Nf3 Bc5 4. Nxd4 Bxd4 5. Qxd4 f6 6. Bc4 Nc6 7. Qc3 d6 8.
O-O Nge7 9. b4 a6 10. b5 axb5 11. Bxb5 Bd7 12. f4 Rf8 13. f5 Ne5 14. Qb4 c6 15.
Be2 Qc7 16. Be3 c5 17. Qd2 N7c6 18. Nc3 Nb4 19. a3 Nbc6 20. Nd5 Qa5 21. c3 c4
22. Bb6 Qa6 23. Nc7+ Ke7 24. Nxa6 Rxa6 25. Bc7 Nf7 26. Bxc4 Rc8 27. Qd5 Ra4 28.
Qxf7# 1-0

[Event "Challenge"]
[Site "http://www.queenalice.com/game.php?id=95497"]
[Date "2006.8.13"]
[Round "-"]
[White "Schrittschwitzer"]
[Black "MSF"]
[Result "1-0"]
[WhiteElo "1593"]
[BlackElo "1328"]

1. e4 Nc6 2. d4 Nf6 3. e5 Nd5 4. c3 d6 5. Bb5 Bd7 6. Qf3 dxe5 7. Qxd5 e6 8. Qe4
exd4 9. Nf3 a6 10. Bxc6 Bxc6 11. Qd3 e5 12. Nxe5 Bxg2 13. Rg1 Bc6 14. Nxc6 bxc6
15. Qe4+ Be7 16. Qxc6+ Kf8 17. Bf4 Bg5 18. Bxg5 Qc8 19. Qc5+ Ke8 20. Qe7# 1-0

[Event "Challenge"]
[Site "http://www.queenalice.com/game.php?id=96028"]
[Date "2006.8.15"]
[Round "-"]
[White "fernandes_igor"]
[Black "Schrittschwitzer"]
[Result "0-1"]
[WhiteElo "1500"]
[BlackElo "1490"]

1. d4 d5 2. e3 e5 3. dxe5 Nc6 4. c3 Nxe5 5. Nf3 Qd6 6. Nbd2 Be7 7. Bd3 Nxd3+ 8.
Kf1 Bg4 9. h3 Bxf3 10. gxf3 Bh4 11. f4 Bxf2 12. e4 Qa6 13. Kg2 Nf6 14. exd5 Nxd5
15. b4 N5xf4+ 16. Kf3 Qc6+ 17. Ne4 f5 18. Bxf4 Qxe4# 0-1

[Event "Challenge"]
[Site "http://www.queenalice.com/game.php?id=96130"]
[Date "2006.8.15"]
[Round "-"]
[White "Schrittschwitzer"]
[Black "limonois"]
[Result "0-1"]
[WhiteElo "1500"]
[BlackElo "1704"]

1. e4 e6 2. d4 a6 3. e5 b5 4. c4 Bb7 5. c5 d6 6. exd6 cxd6 7. b4 dxc5 8. bxc5
Nf6 9. Bd3 Bxg2 10. Bb2 Bxh1 11. f3 Nd5 12. Qd2 Be7 13. h3 Bh4+ 14. Kd1 Qg5 15.
Qxg5 Bxg5 16. Bc1 Bxc1 17. Kxc1 Nc6 18. Be4 Nxd4 19. Nc3 Rc8 20. Bxd5 exd5 21.
Kb2 Rxc5 22. Re1+ Ne6 23. Re2 O-O 24. Rh2 Rfc8 25. Rc2 d4 26. Rh2 Rxc3 27. Rxh1
Rc1 28. Rh2 Rxg1 29. Rc2 Rxc2+ 30. Kxc2 Rg3 31. Kb3 Rxf3+ 32. Kb4 a5+ 33. Kxa5
d3 34. Kxb5 d2 35. a4 d1=Q 36. a5 Qc2 37. Kb6 Rb3+ 38. Ka7 Qc7+ 39. Ka8 Qb7# 0-1

[Event "Challenge"]
[Site "http://www.queenalice.com/game.php?id=98238"]
[Date "2006.8.22"]
[Round "-"]
[White "Schrittschwitzer"]
[Black "Birkoff"]
[Result "0-1"]
[WhiteElo "1640"]
[BlackElo "1507"]

1. e4 Nf6 2. d3 Nc6 3. Nc3 e5 4. a3 d6 5. b4 Bg4 6. f3 Be6 7. g4 d5 8. exd5 Nxd5
9. Nxd5 Bxd5 10. Be3 Be7 11. c4 Be6 12. Qa4 O-O 13. b5 Nd4 14. O-O-O a6 15. Qa5
axb5 16. Qc3 b4 17. axb4 c5 18. b5 Qa5 19. Bd2 Qa1+ 20. Qxa1 Rxa1+ 21. Kb2 Rxd1
22. Kc3 Rxf1 23. Be3 Nxf3 24. h3 Nxg1 25. Bxg1 f5 26. Bxc5 Bxc5 27. Rxf1 fxg4
28. Rxf8+ Kxf8 29. hxg4 Bxg4 30. Kb3 Be2 31. Kc2 g5 32. Kd2 Bf1 33. Kc3 g4 34.
Kd2 g3 35. Ke1 Bxd3 36. Kd2 e4 37. Kc3 g2 38. Kb3 g1=Q 39. Ka4 Qa1+ 40. Kb3 Qa3#
0-1

[Event "Challenge"]
[Site "http://www.queenalice.com/game.php?id=100206"]
[Date "2006.8.27"]
[Round "-"]
[White "Schrittschwitzer"]
[Black "RobertD"]
[Result "0-1"]
[WhiteElo "1619"]
[BlackElo "1675"]

1. e4 e5 2. d4 exd4 3. Nf3 c5 4. c3 dxc3 5. Nxc3 d6 6. h3 Nf6 7. e5 dxe5 8.
Qxd8+ Kxd8 9. Nxe5 Be6 10. Be3 Nbd7 11. Rd1 Rc8 12. Bc4 Bxc4 13. Nxc4 Kc7 14.
Bf4+ Kc6 15. Bd6 b6 16. O-O h5 17. a3 Ne8 18. Ne5+ Nxe5 19. Bxe5 Bd6 20. Rfe1
Rh6 21. Rd5 Bxe5 22. Rdxe5 Nd6 23. Ne4 Re8 24. Rxe8 Nxe8 25. Ng5 Nd6 26. Re7 a5
27. Nxf7 Nxf7 28. Rxf7 Rg6 29. Rf5 h4 30. g4 hxg3 31. f3 b5 32. Kg2 b4 33. Rf4
bxa3 34. bxa3 Kb5 35. a4+ Kc6 36. Rf5 Kb6 37. h4 c4 38. Rb5+ Kc7 39. Rxa5 c3 40.
Re5 c2 41. Re1 Kb6 42. Rc1 Rc6 43. Kxg3 Ka5 44. f4 Kxa4 0-1

[Event "Challenge"]
[Site "http://www.queenalice.com/game.php?id=100216"]
[Date "2006.8.27"]
[Round "-"]
[White "Schrittschwitzer"]
[Black "Antoine"]
[Result "0-1"]
[WhiteElo "1479"]
[BlackElo "1472"]

1. e4 d5 2. Nc3 c6 3. d4 Nf6 4. e5 Ng4 5. Be2 h5 6. h3 Nh6 7. Bxh5 g6 8. Be2 Nf5
9. g4 Nh4 10. Bg5 Ng2+ 11. Kf1 Nh4 12. Nf3 Nxf3 13. Bxf3 f6 14. exf6 exf6 15.
Qe2+ Kf7 16. Bd2 Na6 17. a3 Bd6 18. b4 f5 19. gxf5 Bxf5 20. Bg4 Qf6 21. Bxf5
Qxf5 22. b5 Rxh3 23. Rxh3 Qxh3+ 0-1

[Event "Challenge"]
[Site "http://www.queenalice.com/game.php?id=100262"]
[Date "2006.8.28"]
[Round "-"]
[White "MSF"]
[Black "Schrittschwitzer"]
[Result "1-0"]
[WhiteElo "1413"]
[BlackElo "1556"]

1. e4 e5 2. Bc4 Nf6 3. Qf3 d6 4. d3 Bg4 5. Qe3 a6 6. h3 Bd7 7. Nf3 b5 8. Bb3 h6
9. g4 a5 10. g5 a4 11. gxf6 axb3 12. cxb3 Qxf6 13. Nc3 Bc6 14. d4 b4 15. Nd5
Bxd5 16. dxe5 Qe6 17. exd5 Qxd5 18. exd6+ Qe6 19. Qxe6+ fxe6 20. dxc7 Nc6 21.
Bf4 g5 22. Bg3 Bg7 23. Rc1 1-0

[Event "Challenge"]
[Site "http://www.queenalice.com/game.php?id=100637"]
[Date "2006.8.29"]
[Round "-"]
[White "Schrittschwitzer"]
[Black "Guillaume"]
[Result "1-0"]
[WhiteElo "1706"]
[BlackElo "1449"]

1. e4 e5 2. d4 d5 3. exd5 Qxd5 4. Nc3 Qd8 5. d5 f5 6. Nf3 e4 7. Qe2 Bb4 8. Bd2
Bxc3 9. Bxc3 Nh6 10. Bxg7 Rg8 11. Bxh6 Rg6 12. Bf4 Qxd5 13. Ne5 Re6 14. Qh5+ Ke7
15. Qxh7+ Kd6 16. Nc4+ Kc5 17. Qxc7+ Qc6 18. Be3+ Kb4 19. Qa5# 1-0

[Event "Meckerkopp"]
[Site "http://www.queenalice.com/game.php?id=100920"]
[Date "2006.8.30"]
[Round "-"]
[White "Schrittschwitzer"]
[Black "Meckerkopp"]
[Result "0-1"]
[WhiteElo "1532"]
[BlackElo "1691"]

1. e4 Nc6 2. d4 e6 3. Nc3 Bb4 4. a3 Bxc3+ 5. bxc3 Nce7 6. Nf3 c6 7. Bf4 Qa5 8.
Bd2 d5 9. e5 h6 10. c4 Qa4 11. c5 b5 12. Bb4 f6 13. g4 fxe5 14. Nxe5 Nf6 15. Bd3
a5 16. Bc3 Ne4 17. Bb2 O-O 18. O-O b4 19. axb4 Qxb4 20. f3 Qxb2 21. fxe4 Qxd4+
22. Kh1 Qxe5 23. Rxf8+ Kxf8 24. Qf3+ Kg8 25. Rf1 Kh8 26. g5 Qxg5 27. Qf8+ Ng8
28. Qe8 Qe7 29. Qg6 Ba6 30. Rf7 Qxf7 0-1

[Event "Challenge"]
[Site "http://www.queenalice.com/game.php?id=102203"]
[Date "2006.9.3"]
[Round "-"]
[White "Schrittschwitzer"]
[Black "Gambiter"]
[Result "1-0"]
[WhiteElo "1634"]
[BlackElo "1341"]

1. e4 c5 2. d4 cxd4 3. Qxd4 Nc6 4. Qa4 d6 5. Nc3 Bd7 6. Be3 g6 7. O-O-O Bg7 8.
Bb5 a6 9. Bxc6 Bxc6 10. Qc4 Qa5 11. Bd2 Rc8 12. Nd5 Qd8 13. Nf3 Bxd5 14. Qxd5
Qb6 15. Bc3 Bxc3 16. bxc3 Rxc3 17. Ng5 Nh6 18. e5 Qxf2 19. Rd2 Qf4 20. exd6 exd6
21. Re1+ Re3 22. Rxe3+ Qxe3 23. Qxd6 Qg1+ 24. Rd1 Qe3+ 25. Rd2 Qg1+ 26. Rd1 Qe3+
27. Kb2 Qxg5 28. Re1+ Qe5+ 29. Rxe5# 1-0

[Event "Challenge"]
[Site "http://www.queenalice.com/game.php?id=102837"]
[Date "2006.9.5"]
[Round "-"]
[White "MECFIELD"]
[Black "Schrittschwitzer"]
[Result "1-0"]
[WhiteElo "1542"]
[BlackElo "1493"]

1. e4 e5 2. Nc3 Nf6 3. Nf3 d6 4. d4 exd4 5. Qxd4 Nc6 6. Qc4 Be6 7. Nd5 h6 8. Qa4
a6 9. Be3 b5 10. Qb3 Nxe4 11. O-O-O g5 12. Bd3 f5 13. Bd4 Rh7 14. Nxc7+ Qxc7 15.
Qxe6+ Ne7 16. h4 g4 17. Rde1 gxf3 18. gxf3 1-0

[Event "Challenge"]
[Site "http://www.queenalice.com/game.php?id=102922"]
[Date "2006.9.5"]
[Round "-"]
[White "Schrittschwitzer"]
[Black "otax"]
[Result "1-0"]
[WhiteElo "1604"]
[BlackElo "1648"]

1. e4 e6 2. d4 d5 3. e5 c5 4. Nc3 cxd4 5. Qxd4 Nc6 6. Bb5 Bd7 7. Qa4 Nxe5 8. f4
Nc4 9. b3 Nb6 10. Qa5 Bd6 11. Nf3 Ne7 12. Nd4 Bc7 13. Bxd7+ Nxd7 14. Qb5 Bb6 15.
Be3 O-O 16. Na4 a6 17. Qd3 Qc7 18. Nxb6 Nxb6 19. a4 Ng6 20. f5 exf5 21. Nxf5
Rae8 22. Qd4 f6 23. O-O-O Re6 24. Rhe1 Nd7 25. Qxd5 Re8 26. Qxd7 1-0

[Event "AUTO-OPEN-379"]
[Site "http://www.queenalice.com/game.php?id=103139"]
[Date "2006.9.6"]
[Round "1"]
[White "Schrittschwitzer"]
[Black "sandramguziviak"]
[Result "0-1"]
[WhiteElo "1521"]
[BlackElo "1242"]

1. e4 e6 2. d4 d5 3. e5 c5 4. b3 Nc6 5. Nf3 Be7 6. c4 Nh6 7. Bxh6 gxh6 8. Nc3
dxc4 9. Bxc4 Rg8 10. O-O b6 11. Bb5 cxd4 12. Bxc6+ Bd7 0-1

[Event "AUTO-OPEN-379"]
[Site "http://www.queenalice.com/game.php?id=103166"]
[Date "2006.9.6"]
[Round "1"]
[White "mrshogi"]
[Black "Schrittschwitzer"]
[Result "1-0"]
[WhiteElo "2042"]
[BlackElo "1463"]

1. d4 d5 2. Nf3 f6 3. c4 b6 4. cxd5 Qxd5 5. Nc3 Qa5 6. e4 Qh5 7. Be2 c6 8. O-O
Ba6 9. Bxa6 Nxa6 10. Qa4 Nb8 11. Bf4 b5 12. Qa5 Nd7 13. a4 a6 14. axb5 cxb5 15.
Nxb5 Qxb5 16. Qxb5 axb5 17. Rxa8+ Kf7 18. e5 g5 19. Bg3 h5 20. h3 1-0

[Event "AUTO-OPEN-379"]
[Site "http://www.queenalice.com/game.php?id=103167"]
[Date "2006.9.6"]
[Round "1"]
[White "Schrittschwitzer"]
[Black "mrshogi"]
[Result "0-1"]
[WhiteElo "1461"]
[BlackElo "2044"]

1. e4 e6 2. d4 d5 3. e5 c5 4. b3 cxd4 5. Qxd4 Nc6 6. Qa4 Bd7 7. Bb5 Nxe5 8. Bf4
Nc6 9. Nc3 Nf6 10. Bg5 Be7 11. Nf3 a6 12. Bxc6 Bxc6 13. Qd4 O-O 14. Ne5 Rc8 15.
a4 Be8 16. Qa7 Rxc3 17. Rc1 Qc7 18. Qd4 Rxc2 19. O-O h6 0-1

[Event "AUTO-OPEN-379"]
[Site "http://www.queenalice.com/game.php?id=103186"]
[Date "2006.9.6"]
[Round "1"]
[White "Schrittschwitzer"]
[Black "xcorex"]
[Result "0-1"]
[WhiteElo "1581"]
[BlackElo "1723"]

1. e4 c5 2. d4 cxd4 3. Qxd4 Nc6 4. Qa4 e5 5. Nc3 Nd4 6. Be3 Nc6 7. O-O-O Nf6 8.
Nf3 Be7 9. Bb5 Ng4 10. Nd5 Nxe3 11. Nxe3 Bf6 12. Rd5 O-O 13. Rhd1 h5 14. g4 h4
15. Rg1 g5 16. Nf5 a6 17. Rgd1 Rb8 18. Bxc6 bxc6 19. Rd6 c5 20. R1d5 Rb4 21. Qa3
Rxe4 22. Qxc5 Bb7 23. Rd1 Bc8 24. h3 Re2 25. Rb6 Re8 0-1

[Event "AUTO-OPEN-379"]
[Site "http://www.queenalice.com/game.php?id=103187"]
[Date "2006.9.6"]
[Round "1"]
[White "xcorex"]
[Black "Schrittschwitzer"]
[Result "1-0"]
[WhiteElo "1733"]
[BlackElo "1568"]

1. e4 e5 2. c4 Nf6 3. d3 h6 4. Nc3 Nc6 5. Bd2 Nd4 6. g3 d6 7. Bg2 Bg4 8. f3 Be6
9. Nge2 c6 10. Nxd4 exd4 11. Ne2 d5 12. cxd5 cxd5 13. Nxd4 dxe4 14. Nxe6 fxe6
15. Qa4+ Nd7 16. Qxe4 Qf6 17. Qxb7 Rb8 18. Qxa7 Qxb2 19. Ke2 Qe5+ 20. Qe3 Bc5
21. Qxe5 Nxe5 22. Bc3 1-0